000
00268nam a22001217a 4500
008
181029b xxu||||| |||| 00| 0 eng d
041
_a
eng
080
_a
371
100
_a
46
101
_a
EDU
245
_a
Trustees in Higher Education
_c
Burns,G.P
942
_2
udc
_c
BK
999
_c
51022
_d
51022